Cliccatore veloce - Statistics

Statistiche generali
  • Questo quiz è stato fatto 229 volte
  • Il punteggio medio è 19 su 35
Statistiche sulle risposte
Hint Risposta % Corretto
F F
97%
B B
95%
I I
93%
3 3
92%
Q Q
92%
A A
91%
4 4
90%
D D
89%
N N
89%
U U
89%
O O
87%
P P
86%
J J
84%
6 6
83%
X X
82%
8 8
80%
Y Y
75%
7 7
73%
Z Z
69%
S S
63%
K K
53%
T T
40%
1 1
35%
E E
24%
W W
20%
M M
14%
G G
12%
5 5
7%
V V
4%
2 2
2%
9 9
2%
C C
2%
H H
2%
L L
2%
R R
2%
Nessun quiz corrispondente trovato
Distribuzione punteggi
Percentuale di utenti per punteggio
Percentile per numero di risposta
I tuoi punteggi nel tempo
Non hai fatto questo quiz